000 00644nam a2200229Ia 4500
003 OSt
005 20220928101629.0
006 a|||||r|||| 00| 0
007 ta
008 220927b |||||||| |||| 00| 0 eng d
024 _a35040
037 _cTextual
040 _aSDCL
_cSDCL
_beng
041 _2eng
_aeng
082 _aQ3y7N26, L4
100 _aSumant Bhadra
_9392913
245 0 _aVishvachetana ke manasvi sant
_bMuni Shri Susheel Kumar.
260 _aNew Delhi
_bAhinsa Prakashak
_c1974
300 _a104p.+various pages
_ccm.
942 _hQ3y7N26, L4
_cTEXL
_2CC
999 _c708625
_d708625